LEADER 00941nam a2200265 i 4500 001 000000110482 003 CaOOAMICUS 005 20250516120951.0 008 021203s1996 gw u000 u ger u 013 $a83163 020 $a3-7867-1902-0 020 $a3-506-74550-6 040 $aSeMil$bita 100 1 $aGuardini, Romano,$d<1885-1968>.$0(OLS)http://semarc/name/3002 245 10$aLandschaft der Ewigkeit /$cRomano Guardini. 250 $a2. Aufl. 300 $a199 p. 773 0 $aGuardini, Romano <1885-1968>$tDante-Studien.$gBand2$w()8067 850 $aSeMil 852 $aSeMil$W1$xVenegono$y1$m2LL III 61$j257101$B66364$CSeMilBibl$Z2$F77297 $81 961 $aOmaggio: Martini Card. Carlo Maria 996 $6020$a3-7867-1902-0$9(OLS)http://semarc/number/92236 996 $6020$a3-506-74550-6$9(OLS)http://semarc/number/92237 996 $6245$aLandschaft der Ewigkeit$9(OLS)http://semarc/title/453813 LEADER 01396nam a2200265 i 4500 001 000000348688 003 CaOOAMICUS 005 20251105135343.0 008 211126s2014 it u000 u ita u 020 $a978-88-6512-220-4 040 $aSeMil$bita 100 1 $aPaolini, Simona,$d<1972- >.$0(OLS)http://semarc/name/53601 245 12$aL'approvazione del diritto proprio per gli istituti di vita consacrata, ex can. 587 /$cSimona Paolini ; [presentazione del card. Velasio De Paolis]. 264 1$aVenezia :$bMarcianum Press,$c2014. 300 $a475 p. ;$c22 cm. 490 1 $aFacoltà di diritto canonico San Pio X. Monografie ;$v14 650 4$aIstituti di vita consacrata - Diritto canonico.$0(OLS)http://semarc/subject/51294 700 1 $aDe Paolis, Velasio,$c.$0(OLS)http://semarc/name/89236 830 0$aIus canonicum. Monografie / Facoltà di diritto canonico San Pio X. Diritto canonico ;$v14.$0(OLS)http://semarc/title/437573 850 $aSeMil 852 $aSeMil$W1$xVenegono$y1$m2TA F 14$j230268$B239790$CSeMilBibl$Z2$F239790 $81 996 $6020$a978-88-6512-220-4$9(OLS)http://semarc/number/294721 996 $6245$aL'approvazione del diritto proprio per gli istituti di vita consacrata, ex can. 587$9(OLS)http://semarc/title/438125 996 $6264$aVenezia :$bMarcianum Press$9(OLS)http://semarc/publisher/31536